| 000 | 00649nam a2200205 i 4500 | ||
|---|---|---|---|
| 001 | 60614 | ||
| 003 | ES-MaACL | ||
| 005 | 20230906164254.0 | ||
| 007 | t| | ||
| 008 | 031105s1956 sp ||||1| spa d | ||
| 100 | 1 |
_aEsteban-Infantes y Martín, Emilio. _948055 |
|
| 245 | 1 | 3 |
_aLa División Azul _b: (donde Asia empieza) / _cEmilio Esteban-Infantes y Martín. |
| 250 | _a[1ª ed.]. | ||
| 260 |
_aBarcelona : _bA.H.R., _c[1956] ( _fAmpurias) |
||
| 300 |
_a320 p., 10 lám. : _bgraf. ; _c19 cm. |
||
| 490 | 1 | _aLa epopeya y sus héroes | |
| 830 | 0 |
_aLa epopeya y sus héroes _9182575 |
|
| 852 |
_aES-MaACL _jC-11926 _bR.39919 |
||
| 999 |
_c60614 _d60614 |
||